[Event "Mittelrhein Verbandsliga West 1920"]
[Site "Mittelrhein"]
[Date "2019.10.27"]
[Round "2.5"]
[White "Hund, Isabel"]
[Black "Wable, Tushar"]
[Result "1-0"]
[WhiteElo "1888"]
[BlackElo "1902"]
[PlyCount "69"]
[EventDate "2019.09.29"]
[EventType "team-tourn"]
[EventRounds "9"]
[EventCountry "GER"]
[SourceTitle "EXT 2023"]
[Source "ChessBase"]
[SourceDate "2022.10.05"]
[SourceVersion "1"]
[SourceVersionDate "2022.10.05"]
[SourceQuality "1"]
[WhiteTeam "Kerpen SK"]
[BlackTeam "Aachen SV III"]
[WhiteTeamCountry "GER"]
[BlackTeamCountry "GER"]

1. e4 c6 2. d4 d5 3. e5 Bf5 4. Nc3 e6 5. g4 Bg6 6. Nge2 Bb4 7. a3 Bxc3+ 8. Nxc3 f6 9. Bd3 Bxd3 10. Qxd3 fxe5 11. dxe5 Nd7 12. Bf4 Qb6 13. 0-0 Ne7 14. Bg3 0-0-0 15. Bh4 Rde8 16. Bxe7 Rxe7 17. Rfe1 Rf7 18. Nd1 Rhf8 19. b4 Rf3 20. Qd2 h5 21. gxh5 R3f5 22. Qc3 Qc7 23. Ne3 Rg5+ 24. Ng2 Nxe5 25. Re3 Ng4 26. Rg3 Qf7 27. f4 Rxh5 28. Rxg4 Rfh8 29. Qxg7 Qf5 30. h4 Qxc2 31. Qf7 Qe4 32. Re1 Qd4+ 33. Kh2 Rxh4+ 34. Rxh4 Rxh4+ 35. Nxh4 1-0

[Event "BL2 Sued 1819 (Women)"]
[Site "Germany"]
[Date "2019.01.13"]
[Round "7.3"]
[White "Hund, Isabel"]
[Black "Nguyen, Ha Thanh"]
[Result "1/2-1/2"]
[WhiteElo "2037"]
[BlackElo "1881"]
[PlyCount "73"]
[EventDate "2018.10.27"]
[EventType "team-tourn"]
[EventRounds "7"]
[EventCountry "GER"]
[SourceTitle "CBM 190 Extra"]
[Source "ChessBase"]
[SourceDate "2019.07.15"]
[SourceVersion "1"]
[SourceVersionDate "2019.07.15"]
[SourceQuality "1"]
[WhiteTeam "Freiburg Zaehringen (W)"]
[BlackTeam "Erfurt Medizin (W)"]
[WhiteTeamCountry "GER"]
[BlackTeamCountry "GER"]

1. e4 c5 2. Nc3 Nc6 3. g3 g6 4. Bg2 Bg7 5. d3 d6 6. Be3 Rb8 7. a4 a6 8. Qd2 Nd4 9. h3 Qa5 10. Bxd4 Bxd4 11. Nd1 Qc7 12. c3 Bg7 13. Ne3 e6 14. Ne2 Ne7 15. 0-0 0-0 16. d4 Bd7 17. d5 Rbd8 18. Rfd1 Bc8 19. c4 e5 20. g4 Bh6 21. Ng3 f5 22. exf5 gxf5 23. Ngxf5 Nxf5 24. gxf5 Bxf5 25. Qe2 Bc8 26. Qh5 Bf4 27. Be4 Qf7 28. Qxf7+ Rxf7 29. Bg2 Rg7 30. Kf1 Rf8 31. Rd3 Kh8 32. Be4 Bxh3+ 33. Ke2 Bd7 34. b3 Rgf7 35. Rh1 Bg5 36. f3 Rg7 37. Rdd1 1/2-1/2

[Event "BL2 Sued 1819 (Women)"]
[Site "Germany"]
[Date "2019.01.12"]
[Round "6.3"]
[White "Siegl, Melina"]
[Black "Hund, Isabel"]
[Result "1-0"]
[WhiteElo "2012"]
[BlackElo "2037"]
[PlyCount "67"]
[EventDate "2018.10.27"]
[EventType "team-tourn"]
[EventRounds "7"]
[EventCountry "GER"]
[SourceTitle "CBM 190 Extra"]
[Source "ChessBase"]
[SourceDate "2019.07.15"]
[SourceVersion "1"]
[SourceVersionDate "2019.07.15"]
[SourceQuality "1"]
[WhiteTeam "Stuttgart Wolfbusch (W)"]
[BlackTeam "Freiburg Zaehringen (W)"]
[WhiteTeamCountry "GER"]
[BlackTeamCountry "GER"]

1. e4 e5 2. Bc4 Nf6 3. d3 Bc5 4. Nf3 d6 5. c3 Bb6 6. h3 Be6 7. Bb3 Nbd7 8. Bc2 d5 9. Qe2 dxe4 10. dxe4 c6 11. Nbd2 Qc7 12. Ng5 Nf8 13. Nxe6 Nxe6 14. Nc4 Bc5 15. g3 Rd8 16. a4 0-0 17. a5 b5 18. axb6 axb6 19. b4 Be7 20. Be3 c5 21. b5 Ra8 22. 0-0 Rxa1 23. Rxa1 Rb8 24. Qf1 Ne8 25. f4 exf4 26. gxf4 Nd6 27. Ne5 Bf6 28. Nc6 Bxc3 29. Ra7 Rb7 30. Ra8+ Nf8 31. Qd3 Bd4 32. Bxd4 cxd4 33. e5 Nc8 34. Qf5 1-0

[Event "BL2 Sued 1819 (Women)"]
[Site "Germany"]
[Date "2018.11.17"]
[Round "3.3"]
[White "Hund, Isabel"]
[Black "Poetsch, Leonore"]
[Result "0-1"]
[WhiteElo "2051"]
[BlackElo "2005"]
[PlyCount "66"]
[EventDate "2018.10.27"]
[EventType "team-tourn"]
[EventRounds "7"]
[EventCountry "GER"]
[SourceTitle "CBM 190 Extra"]
[Source "ChessBase"]
[SourceDate "2019.07.15"]
[SourceVersion "1"]
[SourceVersionDate "2019.07.15"]
[SourceQuality "1"]
[WhiteTeam "Freiburg Zaehringen (W)"]
[BlackTeam "Langen (W)"]
[WhiteTeamCountry "GER"]
[BlackTeamCountry "GER"]

1. e4 e6 2. d3 d5 3. Nd2 Nf6 4. Ngf3 Bc5 5. e5 Nfd7 6. d4 Be7 7. Bd3 c5 8. c3 Nc6 9. Bb1 f6 10. exf6 Nxf6 11. 0-0 0-0 12. Re1 Qb6 13. Nb3 cxd4 14. cxd4 Bd7 15. a3 a5 16. Qd3 a4 17. Nbd2 Na5 18. Ne5 Bb5 19. Qh3 Rae8 20. Ndf3 Nb3 21. Ng5 h6 22. Nxe6 Bb4 23. Nxg7 Rxe5 24. Rxe5 Qxd4 25. Qe6+ Kxg7 26. Bxh6+ Kxh6 27. Qh3+ Kg7 28. Qg3+ Ng4 29. Rg5+ Kf7 30. Qc7+ Be7 31. Rf5+ Nf6 32. Ba2 Nxa1 33. Bxd5+ Kg6 0-1

[Event "Mittelrhein Verbandsliga-W 17/18"]
[Site "Nordrheinwestfalen"]
[Date "2018.03.18"]
[Round "9.2"]
[White "Hund, Isabel"]
[Black "Haertel, Stephan"]
[Result "0-1"]
[WhiteElo "1956"]
[BlackElo "1924"]
[PlyCount "54"]
[EventDate "2017.09.10"]
[EventType "team-tourn"]
[EventRounds "11"]
[EventCountry "GER"]
[SourceTitle "EXT 2022"]
[Source "ChessBase"]
[SourceDate "2021.10.06"]
[SourceVersion "1"]
[SourceVersionDate "2021.10.06"]
[SourceQuality "1"]
[WhiteTeam "Kerpen SK"]
[BlackTeam "Dueren Derichsweiler"]
[WhiteTeamCountry "GER"]
[BlackTeamCountry "GER"]

1. e4 c5 2. Nc3 Nc6 3. g3 d6 4. Bg2 Nf6 5. h3 e6 6. d3 Be7 7. f4 Bd7 8. Be3 b5 9. e5 dxe5 10. fxe5 Nxe5 11. Bxa8 Qxa8 12. Rh2 b4 13. Nce2 Nd5 14. Qd2 c4 15. Bf4 c3 16. bxc3 bxc3 17. Nxc3 Bf6 18. Nxd5 Qxd5 19. Rb1 0-0 20. Bg5 Qxa2 21. Rc1 Bxg5 22. Qxg5 Nxd3+ 23. cxd3 Qxh2 24. Ne2 a6 25. Rc7 Bb5 26. Nf4 Qg1+ 27. Kd2 Qd4 0-1

[Event "Mittelrhein Verbandsliga-W 16/17"]
[Site "Nordrheinwestfalen"]
[Date "2017.02.19"]
[Round "8.2"]
[White "Schueller, Tobias"]
[Black "Hund, Isabel"]
[Result "1-0"]
[WhiteElo "1920"]
[BlackElo "1953"]
[PlyCount "63"]
[EventDate "2016.09.11"]
[EventType "team-tourn"]
[EventRounds "11"]
[EventCountry "GER"]
[SourceTitle "EXT 2022"]
[Source "ChessBase"]
[SourceDate "2021.10.06"]
[SourceVersion "1"]
[SourceVersionDate "2021.10.06"]
[SourceQuality "1"]
[WhiteTeam "Eschweiler SC"]
[BlackTeam "Kerpen SK"]
[WhiteTeamCountry "GER"]
[BlackTeamCountry "GER"]

1. e4 e5 2. Nf3 Nc6 3. Bb5 a6 4. Bxc6 dxc6 5. d4 exd4 6. Qxd4 Qxd4 7. Nxd4 Bc5 8. Be3 Nf6 9. f3 0-0 10. Nc3 Re8 11. Kf2 Bb6 12. Rad1 Be6 13. Nxe6 Bxe3+ 14. Kxe3 Rxe6 15. Rd3 Rae8 16. Rhd1 Kf8 17. g4 g5 18. h4 h6 19. hxg5 hxg5 20. Kf2 R8e7 21. Na4 b6 22. c4 Re5 23. b3 a5 24. Nc3 b5 25. Rd4 R7e6 26. a4 bxa4 27. Nxa4 Ke7 28. Rd8 Rd6 29. R1xd6 cxd6 30. Rc8 d5 31. Rc7+ Kd8 32. Rxc6 1-0

[Event "Mittelrhein Verbandsliga-W 16/17"]
[Site "Nordrheinwestfalen"]
[Date "2017.01.29"]
[Round "7.2"]
[White "Hund, Isabel"]
[Black "Bausch, Thomas"]
[Result "1/2-1/2"]
[WhiteElo "1953"]
[BlackElo "2106"]
[PlyCount "42"]
[EventDate "2016.09.11"]
[EventType "team-tourn"]
[EventRounds "11"]
[EventCountry "GER"]
[SourceTitle "EXT 2022"]
[Source "ChessBase"]
[SourceDate "2021.10.06"]
[SourceVersion "1"]
[SourceVersionDate "2021.10.06"]
[SourceQuality "1"]
[WhiteTeam "Kerpen SK"]
[BlackTeam "Pulheim"]
[WhiteTeamCountry "GER"]
[BlackTeamCountry "GER"]

1. e4 c5 2. Nc3 Nc6 3. g3 g6 4. Bg2 Bg7 5. d3 d6 6. Be3 e5 7. Nd5 Nce7 8. Nxe7 Nxe7 9. Ne2 Be6 10. c4 Nc6 11. Nc3 0-0 12. 0-0 a6 13. f4 exf4 14. gxf4 Qd7 15. f5 gxf5 16. Qh5 Ne7 17. Rf4 Ng6 18. Raf1 Bxc3 19. bxc3 fxe4 20. Rxe4 Rae8 21. Rf6 Bg4 1/2-1/2

[Event "Mittelrhein Verbandsliga-W 16/17"]
[Site "Nordrheinwestfalen"]
[Date "2017.01.08"]
[Round "6.2"]
[White "Schreyer, Oliver"]
[Black "Hund, Isabel"]
[Result "0-1"]
[WhiteElo "2080"]
[BlackElo "1953"]
[PlyCount "78"]
[EventDate "2016.09.11"]
[EventType "team-tourn"]
[EventRounds "11"]
[EventCountry "GER"]
[SourceTitle "EXT 2022"]
[Source "ChessBase"]
[SourceDate "2021.10.06"]
[SourceVersion "1"]
[SourceVersionDate "2021.10.06"]
[SourceQuality "1"]
[WhiteTeam "Herzogenrath"]
[BlackTeam "Kerpen SK"]
[WhiteTeamCountry "GER"]
[BlackTeamCountry "GER"]

1. e4 e5 2. Nf3 Nc6 3. d4 exd4 4. Nxd4 Bc5 5. Be3 Nxd4 6. Bxd4 Bxd4 7. Qxd4 Qf6 8. e5 Qb6 9. Qxb6 axb6 10. Nc3 Ne7 11. Nb5 Kd8 12. Bc4 Ng6 13. f4 f6 14. exf6 Re8+ 15. Kf2 gxf6 16. g3 d6 17. Rhe1 Rxe1 18. Rxe1 Bf5 19. Re8+ Kxe8 20. Nxc7+ Kd7 21. Nxa8 Kc6 22. a4 Bxc2 23. Bb5+ Kc5 24. Nc7 Ne7 25. Ne8 f5 26. Ke3 d5 27. Kd2 Be4 28. Nf6 Nc8 29. Nxh7 d4 30. Ng5 Nd6 31. h4 Bd5 32. h5 Ne4+ 33. Nxe4+ fxe4 34. h6 Bg8 35. f5 Kd6 36. Be8 Bc4 37. h7 e3+ 38. Ke1 d3 39. Bh5 d2+ 0-1

[Event "Mittelrhein Verbandsliga-W 16/17"]
[Site "Nordrheinwestfalen"]
[Date "2016.09.11"]
[Round "1.2"]
[White "Kojic, Tigran"]
[Black "Hund, Isabel"]
[Result "1-0"]
[WhiteElo "2325"]
[BlackElo "1953"]
[PlyCount "55"]
[EventDate "2016.09.11"]
[EventType "team-tourn"]
[EventRounds "11"]
[EventCountry "GER"]
[SourceTitle "EXT 2022"]
[Source "ChessBase"]
[SourceDate "2021.10.06"]
[SourceVersion "1"]
[SourceVersionDate "2021.10.06"]
[SourceQuality "1"]
[WhiteTeam "Alsdorf SVG"]
[BlackTeam "Kerpen SK"]
[WhiteTeamCountry "GER"]
[BlackTeamCountry "GER"]

1. d4 Nf6 2. c4 g6 3. g3 Bg7 4. Bg2 d6 5. Nf3 Nbd7 6. 0-0 0-0 7. Nc3 e5 8. e4 c6 9. h3 Qc7 10. Be3 Nb6 11. b3 c5 12. dxc5 dxc5 13. Nb5 Qe7 14. Qd6 Qxd6 15. Nxd6 Nbd7 16. Rad1 b6 17. Bc1 Ba6 18. Bb2 Nh5 19. Rd2 f6 20. Rfd1 Nb8 21. Nb5 Bxb5 22. cxb5 a6 23. a4 axb5 24. axb5 Ra7 25. Bf1 Kf7 26. Rd6 Rb7 27. Bc4+ Ke7 28. Re6+ 1-0

[Event "Mittelrhein Verbandsliga-W 1112"]
[Site "Germany"]
[Date "2012.05.20"]
[Round "11.3"]
[White "Hund, Isabel"]
[Black "Schalt, Guideon"]
[Result "1/2-1/2"]
[WhiteElo "1910"]
[BlackElo "1949"]
[PlyCount "46"]
[EventDate "2011.09.18"]
[EventType "team-tourn"]
[EventRounds "11"]
[EventCountry "GER"]
[SourceTitle "EXT 2013"]
[Source "ChessBase"]
[SourceDate "2012.11.22"]
[SourceVersion "1"]
[SourceVersionDate "2012.11.22"]
[SourceQuality "1"]
[WhiteTeam "Kerpen SK"]
[BlackTeam "Herzogenrath"]
[WhiteTeamCountry "GER"]
[BlackTeamCountry "GER"]

1. e4 c5 2. Nc3 Nc6 3. g3 g6 4. Bg2 Bg7 5. d3 e6 6. Be3 Nd4 7. Qd2 d6 8. Nd1 e5 9. c3 Ne6 10. Ne2 Nf6 11. Bh6 Bxh6 12. Qxh6 g5 13. h4 Rg8 14. hxg5 Rg6 15. Qh4 Rxg5 16. Bf3 Qb6 17. Ne3 Qxb2 18. Rd1 Rg6 19. Nc4 Ng5 20. Qxg5 Qxe2+ 21. Kxe2 Rxg5 22. Nxd6+ Ke7 23. Nxc8+ Rxc8 1/2-1/2

[Event "Mittelrhein Verbandsliga-W 1112"]
[Site "Germany"]
[Date "2012.05.06"]
[Round "10.3"]
[White "Foerster, Sven"]
[Black "Hund, Isabel"]
[Result "0-1"]
[WhiteElo "2062"]
[BlackElo "1910"]
[PlyCount "82"]
[EventDate "2011.09.18"]
[EventType "team-tourn"]
[EventRounds "11"]
[EventCountry "GER"]
[SourceTitle "EXT 2013"]
[Source "ChessBase"]
[SourceDate "2012.11.22"]
[SourceVersion "1"]
[SourceVersionDate "2012.11.22"]
[SourceQuality "1"]
[WhiteTeam "Aachen Aufwaerts II"]
[BlackTeam "Kerpen SK"]
[WhiteTeamCountry "GER"]
[BlackTeamCountry "GER"]

1. Nf3 Nf6 2. c4 c5 3. g3 d5 4. Bg2 Nc6 5. 0-0 e5 6. cxd5 Nxd5 7. Nc3 Nc7 8. d3 Be7 9. Be3 Ne6 10. Nd2 Ncd4 11. Nc4 f6 12. Nd5 0-0 13. a4 Rb8 14. f4 exf4 15. gxf4 Nc7 16. Nxc7 Qxc7 17. f5 Nxf5 18. Bf4 Nd6 19. Bd5+ Kh8 20. Qe1 Qd7 21. Bg2 Ra8 22. a5 Nxc4 23. dxc4 a6 24. Ra3 Qd4+ 25. Kh1 Qxc4 26. Rg3 Qf7 27. Qd2 Rd8 28. Qc3 Be6 29. e4 Rd7 30. Bf3 Rad8 31. Rfg1 Rd3 32. Qe1 Bb3 33. Be3 Be6 34. Be2 Rb3 35. h4 Bd6 36. Rf3 Be5 37. Qf2 Rxb2 38. Rg5 Qc7 39. h5 Rxe2 40. Qxe2 fxg5 41. h6 Bg4 0-1

[Event "Mittelrhein Verbandsliga-W 1112"]
[Site "Germany"]
[Date "2011.11.13"]
[Round "3.3"]
[White "Brueggemann, Frank"]
[Black "Hund, Isabel"]
[Result "1/2-1/2"]
[WhiteElo "2038"]
[BlackElo "1916"]
[PlyCount "63"]
[EventDate "2011.09.18"]
[EventType "team-tourn"]
[EventRounds "11"]
[EventCountry "GER"]
[SourceTitle "EXT 2013"]
[Source "ChessBase"]
[SourceDate "2012.11.22"]
[SourceVersion "1"]
[SourceVersionDate "2012.11.22"]
[SourceQuality "1"]
[WhiteTeam "Aachen PTSV"]
[BlackTeam "Kerpen SK"]
[WhiteTeamCountry "GER"]
[BlackTeamCountry "GER"]

1. e4 e5 2. Nf3 Nc6 3. Nc3 d6 4. d4 Be7 5. Be3 Nf6 6. h3 0-0 7. Bb5 Nxd4 8. Nxd4 exd4 9. Qxd4 c6 10. Be2 Qc7 11. 0-0 b6 12. f4 Bb7 13. Bf3 d5 14. e5 Bc5 15. Qd2 Bxe3+ 16. Qxe3 Rfe8 17. Qf2 Nd7 18. Rfe1 Re7 19. Rad1 Rae8 20. Bg4 Nf8 21. Ne2 Bc8 22. Nd4 Bxg4 23. hxg4 f6 24. exf6 Rxe1+ 25. Rxe1 Rxe1+ 26. Qxe1 Qxf4 27. Nxc6 Qxf6 28. Ne7+ Kh8 29. Nxd5 Qxb2 30. Qf2 Qa1+ 31. Kh2 Qe5+ 32. g3 1/2-1/2

[Event "GER-chT Federal Cup (Women)"]
[Site "Germany"]
[Date "2011.06.17"]
[Round "2.7"]
[White "Braun, Viktoria"]
[Black "Hund, Isabel"]
[Result "1/2-1/2"]
[WhiteElo "1583"]
[BlackElo "2069"]
[PlyCount "69"]
[EventDate "2011.06.16"]
[EventType "team-swiss"]
[EventRounds "5"]
[EventCountry "GER"]
[SourceTitle "EXT 2012"]
[Source "ChessBase"]
[SourceDate "2011.11.24"]
[SourceVersion "1"]
[SourceVersionDate "2011.11.24"]
[SourceQuality "1"]
[WhiteTeam "Baden"]
[BlackTeam "Nordrhein Westfalen"]
[WhiteTeamCountry "GER"]
[BlackTeamCountry "GER"]

1. e4 d6 2. d4 g6 3. Nf3 Bg7 4. Be3 Nd7 5. c3 e5 6. dxe5 dxe5 7. Bc4 Ngf6 8. Nbd2 0-0 9. 0-0 Qe7 10. Qc2 Nb6 11. Bb3 Be6 12. Rad1 Bxb3 13. Nxb3 Rfd8 14. h3 Nc4 15. Bc1 b6 16. Nbd2 Nd6 17. b3 c5 18. Bb2 Nd7 19. Rfe1 Nf8 20. Nf1 Bh6 21. c4 f6 22. Bc1 Bxc1 23. Qxc1 Ne6 24. Qb1 Nd4 25. N3d2 Ne8 26. Ne3 Nc7 27. Ndf1 Qf7 28. Ng3 Nce6 29. Ne2 Nxe2+ 30. Rxe2 Nd4 31. Red2 Rd7 32. Nd5 Rad8 33. Qd3 Kg7 34. Qe3 Qe6 35. Re1 1/2-1/2

[Event "BL 1011 (Women)"]
[Site "Germany"]
[Date "2011.01.29"]
[Round "6.5"]
[White "Petrova, Kristyna"]
[Black "Hund, Isabel"]
[Result "1-0"]
[WhiteElo "2318"]
[BlackElo "2065"]
[PlyCount "57"]
[EventDate "2010.11.06"]
[EventType "team-tourn"]
[EventRounds "11"]
[EventCountry "GER"]
[SourceTitle "EXT 2012"]
[Source "ChessBase"]
[SourceDate "2011.11.24"]
[SourceVersion "1"]
[SourceVersionDate "2011.11.24"]
[SourceQuality "1"]
[WhiteTeam "Grosslehna (W)"]
[BlackTeam "Muelheim Nord (W)"]
[WhiteTeamCountry "GER"]
[BlackTeamCountry "GER"]

1. e4 e5 2. Nf3 Nc6 3. Bb5 a6 4. Ba4 Nf6 5. 0-0 Nxe4 6. d4 b5 7. Bb3 d5 8. dxe5 Be6 9. c3 Bc5 10. Nbd2 0-0 11. Bc2 Bf5 12. Nb3 Bg6 13. Nfd4 Bxd4 14. cxd4 f6 15. f3 fxe5 16. fxe4 Rxf1+ 17. Qxf1 Nxd4 18. Nxd4 exd4 19. Qe2 Qe7 20. e5 Bxc2 21. Qxc2 Qxe5 22. Bd2 d3 23. Qxd3 c5 24. Re1 Qd6 25. Bf4 Qd7 26. Re5 c4 27. Qxd5+ Qxd5 28. Rxd5 Rc8 29. Bd2 1-0

[Event "BL2 West 0910 (Women)"]
[Site "Germany"]
[Date "2010.03.13"]
[Round "6.6"]
[White "Hund, Isabel"]
[Black "Kraus, Tanja"]
[Result "1/2-1/2"]
[WhiteElo "2072"]
[BlackElo "1954"]
[PlyCount "64"]
[EventDate "2009.11.07"]
[EventType "team-tourn"]
[EventRounds "7"]
[EventCountry "GER"]
[SourceTitle "CBM 133 Extra"]
[Source "ChessBase"]
[SourceDate "2010.01.05"]
[SourceVersion "1"]
[SourceVersionDate "2010.01.05"]
[SourceQuality "1"]
[WhiteTeam "Muelheim Nord (W)"]
[BlackTeam "Wattenscheid (W)"]
[WhiteTeamCountry "GER"]
[BlackTeamCountry "GER"]

1. e4 Nf6 2. e5 Nd5 3. d4 d6 4. Nf3 Bg4 5. Be2 c6 6. c4 Nb6 7. b3 Bxf3 8. Bxf3 dxe5 9. dxe5 Qc7 10. Qe2 e6 11. 0-0 N8d7 12. Re1 Bb4 13. Bd2 Bxd2 14. Nxd2 0-0 15. Qe3 c5 16. Bd1 Nc8 17. Bc2 Ne7 18. Nf3 Nc6 19. Rad1 Rfd8 20. h4 b6 21. h5 Nf8 22. h6 g6 23. Qf4 Qe7 24. Be4 Rxd1 25. Rxd1 Rd8 26. Rd6 Nxe5 27. Rxd8 Nxf3+ 28. Bxf3 Qxd8 29. Qe4 Qg5 30. Qb7 Qc1+ 31. Kh2 Qxh6+ 32. Kg1 Qc1+ 1/2-1/2

[Event "BL2 West 0708 (Women)"]
[Site "Germany"]
[Date "2007.11.11"]
[Round "2.5"]
[White "Kraus, Tanja"]
[Black "Hund, Isabel"]
[Result "1/2-1/2"]
[WhiteElo "1973"]
[BlackElo "2068"]
[PlyCount "33"]
[EventDate "2007.11.10"]
[EventType "team-tourn"]
[EventRounds "7"]
[EventCountry "GER"]
[SourceTitle "EXT 2009"]
[Source "ChessBase"]
[SourceDate "2008.11.26"]
[SourceVersion "1"]
[SourceVersionDate "2008.11.26"]
[SourceQuality "1"]
[WhiteTeam "Wattenscheid (W)"]
[BlackTeam "Walldorf (W)"]
[WhiteTeamCountry "GER"]
[BlackTeamCountry "GER"]

1. e4 e5 2. Nf3 Nc6 3. Bb5 a6 4. Ba4 Nf6 5. d4 Nxe4 6. Qe2 b5 7. Bb3 d5 8. dxe5 Be6 9. Nbd2 Nc5 10. 0-0 Be7 11. c3 0-0 12. Nd4 Qd7 13. Nxc6 Qxc6 14. Bc2 Qd7 15. Qh5 g6 16. Qh6 Bf5 17. Bxf5 1/2-1/2

[Event "GER-chT Federal Cup (Women)"]
[Site "Braunfels"]
[Date "2006.05.06"]
[Round "4"]
[White "Burisch, Christin"]
[Black "Hund, Isabel"]
[Result "0-1"]
[WhiteElo "1904"]
[BlackElo "2079"]
[PlyCount "88"]
[EventDate "2006.05.04"]
[EventType "team-swiss"]
[EventRounds "5"]
[EventCountry "GER"]
[SourceTitle "EXT 2010"]
[Source "ChessBase"]
[SourceDate "2010.11.25"]
[SourceVersion "1"]
[SourceVersionDate "2010.11.25"]
[SourceQuality "1"]

1. d4 Nf6 2. e3 g6 3. Bd3 c5 4. c3 cxd4 5. exd4 Bg7 6. f4 d6 7. Nf3 Bf5 8. 0-0 Bxd3 9. Qxd3 e6 10. Nbd2 0-0 11. Nc4 Nc6 12. Bd2 Ne7 13. Rae1 Qd7 14. Bc1 b5 15. Ne3 Ned5 16. Ng5 Nxe3 17. Qxe3 Rfc8 18. Qh3 d5 19. Kh1 b4 20. cxb4 Rc4 21. Bd2 h6 22. Nf3 Ne4 23. Be3 Rxb4 24. b3 Rc8 25. Ne5 Qe8 26. Rc1 Rb7 27. Qf3 Rbc7 28. Rxc7 Rxc7 29. Nc4 Nc3 30. Ne5 Qc8 31. a3 Nb5 32. a4 Nd6 33. Bd2 Rc2 34. Qd3 Ne4 35. Nc4 Ra2 36. Be3 dxc4 37. Qxe4 cxb3 38. Qb1 Qb7 39. Rf2 Rxa4 40. Rb2 Rb4 41. h3 Rb5 42. Qa1 a5 43. Qa4 Qd5 44. Kh2 Kh7 0-1

[Event "GER-chT2 (Women) 0405"]
[Site "Germany"]
[Date "2004.12.04"]
[Round "3"]
[White "Ciuksyte, Dagne"]
[Black "Hund, Isabel"]
[Result "1/2-1/2"]
[WhiteElo "2361"]
[BlackElo "2106"]
[PlyCount "152"]
[EventDate "2004.11.06"]
[EventType "team"]
[EventRounds "9"]
[EventCountry "GER"]
[SourceTitle "EXT 2006"]
[Source "ChessBase"]
[SourceDate "2005.11.24"]
[SourceVersion "1"]
[SourceVersionDate "2005.11.24"]
[SourceQuality "1"]

1. e4 e5 2. Nf3 Nc6 3. Bb5 a6 4. Ba4 Nf6 5. 0-0 Nxe4 6. d4 b5 7. Bb3 d5 8. dxe5 Be6 9. Nbd2 Nc5 10. c3 d4 11. Ng5 Bxb3 12. Nxb3 Qd5 13. Nxd4 Nxe5 14. Re1 0-0-0 15. Rxe5 Qxe5 16. Nxf7 Qf6 17. Nxd8 Qxd8 18. Qg4+ Qd7 19. Qf3 Nb7 20. Bf4 Bc5 21. Nb3 Bb6 22. Be3 Bxe3 23. Qxe3 Kb8 24. Re1 Rd8 25. h3 Qd5 26. Qf4 g5 27. Qf6 a5 28. Nd4 Rd6 29. Qh8+ Rd8 30. Qf6 Rd6 31. Re8+ Ka7 32. Qf8 Kb6 33. Re7 Rd7 34. Qf6+ Rd6 35. Qg7 c5 36. Nxb5 Kxb5 37. Rxb7+ Kc4 38. b3+ Kd3 39. Re7 Re6 40. Qxh7+ Kxc3 41. Qg7+ Kc2 42. Rxe6 Qxe6 43. Qxg5 Qe1+ 44. Kh2 Qxf2 45. h4 Kb2 46. h5 Kxa2 47. h6 Qf7 48. Qh4 Qh7 49. Qf6 Qe4 50. Kh3 Qe3+ 51. Kh4 Qe1+ 52. g3 Kxb3 53. Qf3+ Kb4 54. Qb7+ Ka3 55. Qf3+ Ka2 56. Qd5+ Kb2 57. Qxc5 Qe4+ 58. Kg5 a4 59. Qb6+ Ka2 60. Qf2+ Ka3 61. Qf8+ Ka2 62. Qf7+ Ka3 63. h7 Qe3+ 64. Qf4 Qe7+ 65. Kh6 Qe6+ 66. Kg7 Qe7+ 67. Kg8 Qe6+ 68. Qf7 Qg4+ 69. Kf8 Qc8+ 70. Kg7 Qg4+ 71. Qg6 Qd7+ 72. Kf8 Qd8+ 73. Kg7 Qd7+ 74. Qf7 Qg4+ 75. Kf8 Qc8+ 76. Kg7 Qg4+ 1/2-1/2

[Event "GER-chT2 (Women) 0405"]
[Site "Germany"]
[Date "2004.11.07"]
[Round "2"]
[White "Goihl, Mona"]
[Black "Hund, Isabel"]
[Result "1-0"]
[WhiteElo "2122"]
[BlackElo "2092"]
[PlyCount "45"]
[EventDate "2004.11.06"]
[EventType "team"]
[EventRounds "9"]
[EventCountry "GER"]
[SourceTitle "EXT 2006"]
[Source "ChessBase"]
[SourceDate "2005.11.24"]
[SourceVersion "1"]
[SourceVersionDate "2005.11.24"]
[SourceQuality "1"]

1. e4 e5 2. Nf3 Nc6 3. d4 exd4 4. Nxd4 Qh4 5. Nb5 Bb4+ 6. N1c3 Ba5 7. Be2 a6 8. Nd4 Qxe4 9. Nxc6 dxc6 10. 0-0 Bxc3 11. bxc3 Qd5 12. Bd3 Be6 13. c4 Qd7 14. Rb1 0-0-0 15. Qe1 Bf5 16. Qb4 b6 17. Qa4 a5 18. Bxf5 Qxf5 19. Qxc6 Kb8 20. Rxb6+ cxb6 21. Qxb6+ Kc8 22. Qc6+ Kb8 23. Bf4+ 1-0

[Event "NRW-ch (Women)"]
[Site "NRW"]
[Date "2004.10.22"]
[Round "7"]
[White "Henrichs, Wenke"]
[Black "Hund, Isabel"]
[Result "1/2-1/2"]
[WhiteElo "1935"]
[BlackElo "2000"]
[PlyCount "56"]
[EventDate "2004.10.16"]
[EventType "tourn"]
[EventRounds "7"]
[EventCountry "GER"]
[SourceTitle "EXT 2006"]
[Source "ChessBase"]
[SourceDate "2005.11.24"]
[SourceVersion "1"]
[SourceVersionDate "2005.11.24"]
[SourceQuality "1"]

1. d4 Nf6 2. c4 g6 3. Nc3 Bg7 4. e4 d6 5. f3 0-0 6. Be3 e5 7. d5 c6 8. Nge2 cxd5 9. Nxd5 Nxd5 10. Qxd5 Nc6 11. Qd2 Be6 12. Nc3 Nd4 13. Bd3 Rc8 14. b3 a6 15. 0-0 f5 16. Rad1 f4 17. Bxd4 exd4 18. Ne2 g5 19. Bb1 Be5 20. Nxd4 Bd7 21. Nf5 Bxf5 22. exf5 Rc7 23. Rfe1 Qf6 24. Be4 Kh8 25. Qd5 h5 26. Qe6 Kg7 27. Rd5 Qxe6 28. fxe6 Kf6 1/2-1/2

[Event "NRW-ch (Women)"]
[Site "NRW"]
[Date "2004.10.21"]
[Round "6"]
[White "Hund, Isabel"]
[Black "Kocur, Beata"]
[Result "1/2-1/2"]
[WhiteElo "2000"]
[BlackElo "1802"]
[PlyCount "36"]
[EventDate "2004.10.16"]
[EventType "tourn"]
[EventRounds "7"]
[EventCountry "GER"]
[SourceTitle "EXT 2006"]
[Source "ChessBase"]
[SourceDate "2005.11.24"]
[SourceVersion "1"]
[SourceVersionDate "2005.11.24"]
[SourceQuality "1"]

1. e4 c5 2. Nc3 Nc6 3. g3 g6 4. Bg2 Bg7 5. d3 d6 6. Be3 Rb8 7. Qd2 e6 8. Nd1 b5 9. c3 e5 10. Ne2 Qa5 11. 0-0 Nge7 12. Bh6 0-0 13. Bxg7 Kxg7 14. f4 f5 15. Ne3 Qb6 16. Kh1 Be6 17. Nc2 d5 18. exd5 Bxd5 1/2-1/2